000 00507nam a2200217Ia 4500
003 OSt
005 20230227112645.0
008 210210b1995 xxu||||| |||| 00| 0 eng d
040 _cAL
041 _aeng
082 _a657.46 MEHI
100 _aMEHROTRA (H C)
_973395
245 _aIncome tax law and accounts
250 _a32
260 _aAgra
_bSahitya Bhavan
_c1995
300 _a3,648,5,3
690 _aIncome Tax
_973396
700 _aMEHROTRA (P)
_973397
906 _a049792
942 _2ddc
_cBK
999 _c98186
_d98186